000 00537nam a2200205 4500
001 981
005 20181127162421.0
010 0 0 _a
020 0 0 _a8170892597
090 0 0 _a333.7616 D234s 2006
100 0 0 _aDatta, S. K.
245 0 0 _aSoil conservation and land management /
_b
_cS. K. Datta
_h
250 0 0 _a
260 0 0 _aDehradun :
_bInternational Book Distributors,
_c2006.
300 0 0 _a330 p. : ill.
500 0 0 _a
650 0 0 _aLand management.
_x
650 0 0 _aSoil conservation --India.
_x
650 0 0 _aSoil erosion -- India.
_x
999 _c690
_d690